Adult development and aging : biopsychosocial perspectives /

Themes and issues in adult development and aging. Models of development. The study of adult development and aging. Physical and sensory changes in adulthood and old age. Chronic disease and health. Information processing, attention, and memory...

محفوظ في:
التفاصيل البيبلوغرافية
المؤلف الرئيسي: Whitbourne, Susan Krauss.
التنسيق: كتاب
اللغة:English
منشور في: New York : John Wiley and Sons, 2001.
الموضوعات:
الوسوم: إضافة وسم
لا توجد وسوم, كن أول من يضع وسما على هذه التسجيلة!
Thư viện lưu trữ: Mạng thư viện Đại học Đà Nẵng
LEADER 01220cam a2200373 i 4500
001 000048764
003 8489
005 20030319150031.0
008 010323|2001 vm 000 eng
020 |a 0471315915 
040 |a IRC  |c IRC  |d IRC 
041 0 |a eng 
082 1 4 |a 305.26  |b WH-S 
100 1 |a Whitbourne, Susan Krauss. 
245 0 0 |a Adult development and aging :  |b biopsychosocial perspectives /  |c Susan Krauss Whitbourne. 
260 |a New York :  |b John Wiley and Sons,  |c 2001. 
300 |a 516 p. ;  |c 24cm. 
520 3 |a Themes and issues in adult development and aging. Models of development. The study of adult development and aging. Physical and sensory changes in adulthood and old age. Chronic disease and health. Information processing, attention, and memory... 
630 0 4 |a Psychology. 
630 0 4 |a Gerontology. 
650 0 4 |a Gerontology. 
650 0 4 |a Aged  |x Psychology. 
650 0 4 |a Aged  |x Health and hygiene. 
650 0 4 |a Aged  |x Social conditions. 
OWN |a DUT 
999 |a From the UDN01 
TYP |a Monograph 
TYP |a Printed language 
980 |a Mạng thư viện Đại học Đà Nẵng